| 000 | 00482nam a2200169Ia 4500 | ||
|---|---|---|---|
| 999 |
_c8998 _d8998 |
||
| 003 | OSt | ||
| 005 | 20201009132935.0 | ||
| 008 | 190216s9999||||xx |||||||||||||| ||und|| | ||
| 040 | _coclc | ||
| 082 |
_a657.1 _bRAD/T |
||
| 100 |
_aRadhakrishnan, Manakkal _94382 |
||
| 245 | 0 |
_aTally Malayalathil / _cManakkal Radhakrishnan |
|
| 260 |
_bSt.Jude Books, _aCalicut: _c2008. |
||
| 300 | _a240p | ||
| 650 | _aComputer | ||
| 942 |
_cBK _2ddc _h657.1 _iRAD/T _k657.1 _mRAD/T |
||